| 000 | 00718nas a2200253 4500 | ||
|---|---|---|---|
| 001 | BR7500513 | ||
| 003 | BR-BrBNA | ||
| 005 | 20231205082805.0 | ||
| 007 | ta | ||
| 008 | 230509b bl.|||p| |||| 00| 00por d | ||
| 040 |
_aBR-BrBNA _bpor _cBiblioteca Nacional de Agricultura |
||
| 041 | _a(Pt) | ||
| 072 | _aF00; F60 | ||
| 100 | 1 | _aZink, E. | |
| 245 | 1 | _aAmostragem e analise de sementes | |
| 650 | _aFISIOLOGIA VEGETAL | ||
| 650 | _aANALISE QUALITATIVA | ||
| 650 | _aGERMINACAO | ||
| 650 | _aPLANTULA | ||
| 650 | _aDORMENCIA DA SEMENTE | ||
| 773 | 0 |
_tAgronomico (Brazil) _xISSN 0365-2726 _g(Jan/Dec 1975/1976), v. 27/28 p. 95-117 _wBR7500513 |
|
| 909 |
_a202311 _bLúcia _c55 _dLúcia Elande |
||
| 942 |
_2AGRIS _n0 _cANA |
||
| 999 |
_c94241 _d94241 |
||